000 00727nam a2200241Ia 4500
003 OSt
005 20220926011833.0
006 a|||||r|||| 00| 0
007 ta
008 220923b |||||||| |||| 00| 0 eng d
037 _cGeneral Book
040 _aRTL
_cRTL
_beng
041 _2eng
_aeng
082 _aX:86, L7
100 _aMerrifield D Bruce
_9315060
245 0 _aStratagic analysis, selection and management of R
260 _aNew York
_bAMACOM USA
_c1977
300 _a54p. Bib p 53-54 ; Appendix p 44-52
_ccm.
490 _aAmerican Management Association, Management briefing
650 _aTop Management
942 _hX:86, L7
_cGB
_2CC
999 _c621118
_d621118